000 00321cam a2200145ua 4500
041 _amal
_h
082 _a894.812308
_bKAN/CH
100 _aKanam, E J .
245 _aChayakkadayile sundari /
_cE J Kanam.
_hTextual Documents
250 _a1 /
_b.
300 _a ; .
504 _a
942 _cBK
999 _c6573
_d6573